NAEA Market Trends Survey (Record no. 73776)

MARC details
000 -LEADER
fixed length control field 00921cam a2200181 4500
001 - CONTROL NUMBER
control field WB3943-09
008 - FIXED-LENGTH DATA ELEMENTS--GENERAL INFORMATION
fixed length control field 031112n2003 000 0 eng u
035 ## - SYSTEM CONTROL NUMBER
System control number (Sirsi) u124296
245 ## - TITLE STATEMENT
Title NAEA Market Trends Survey
260 ## - PUBLICATION, DISTRIBUTION, ETC.
Date of publication, distribution, etc. 2003
490 ## - SERIES STATEMENT
Series statement Estate Agency News
Volume/sequential designation (195) November 2003 2(2)
520 ## - SUMMARY, ETC.
Summary, etc. The NAEA has released its September market figures. There was a rise of 3.5% in the number of sales agreed in the month, with the number of new buyers on estate agents' books increase by 10%. The number of exchanges are at their highest since November 2002 with vendors typically achieving 96% of their asking price which is a slight increase from 95.6% in the previous month. The full press release can be viewed at http://www.naea.co.uk.
590 ## - LOCAL NOTE (RLIN)
Local note WB
650 ## - SUBJECT ADDED ENTRY--TOPICAL TERM
Topical term or geographic name entry element HOUSING MARKET SURVEYS
650 ## - SUBJECT ADDED ENTRY--TOPICAL TERM
Topical term or geographic name entry element HOUSE PRICES
690 ## - LOCAL SUBJECT ADDED ENTRY--TOPICAL TERM (OCLC, RLIN)
Topical term or geographic name as entry element PROPERTY-RESIDENTIAL PROPERTY-RESIDENTIAL PROPERTY MARKET
942 ## - ADDED ENTRY ELEMENTS (KOHA)
Suppress in OPAC 0
Holdings
Withdrawn status Lost status Source of classification or shelving scheme Damaged status Not for loan Home library Current library Shelving location Date acquired Total Checkouts Full call number Barcode Date last seen Copy number Price effective from Koha item type
    Dewey Decimal Classification     London London News article 12/11/2003   WB3943-09 124296-1001 06/08/2019 1 06/08/2019 News article